Rodinné tajomstvá firmy Swarovski

Tajomstvo úspechu svetoznámej firmy Swarovski. Začiatky v Čechách. Premiestnenie firmy do Tirolska. Veľa podôb skla. Spolupráca s Diorom. Hľadanie krajín s lacnou pracovnou silou.

Guardado en:
Detalles Bibliográficos
Autor principal: Pribišová, Saša
Formato: Capítulo de libro
Lenguaje:eslovaco
Materias:
Etiquetas: Agregar Etiqueta
Sin Etiquetas, Sea el primero en etiquetar este registro!

MARC

LEADER 00000naa$a2200000$$$4500
001 0073658
005 20231009103507.2
041 0 |a slo 
044 |a SK 
245 1 0 |a Rodinné tajomstvá firmy Swarovski  |c Saša Pribišová 
520 |a Tajomstvo úspechu svetoznámej firmy Swarovski. Začiatky v Čechách. Premiestnenie firmy do Tirolska. Veľa podôb skla. Spolupráca s Diorom. Hľadanie krajín s lacnou pracovnou silou. 
610 2 0 |a firmy 
610 2 0 |a podnikanie 
610 2 0 |a manažment 
610 2 0 |a výroba 
610 2 0 |a sklo 
610 2 0 |a priemysel sklársky 
100 1 |a Pribišová, Saša